Propuesta de un sistema de indicadores para el seguimiento de proyectos con financiamiento multilateral en el Ministerio del Poder Popular para la Planificación y el Desarrollo. Abril 2007 (Registro nro. 1023)
[ vista simple ]
| 000 -CABECERA | |
|---|---|
| campo de control de longitud fija | 02687nam a22002057a 4500 |
| 001 - NÚMERO DE CONTROL | |
| campo de control | T027600010186 |
| 008 - DATOS DE LONGITUD FIJA--INFORMACIÓN GENERAL | |
| campo de control de longitud fija | 181014b xve||||| m 0 e0p | esp |
| 040 ## - FUENTE DE LA CATALOGACIÓN | |
| Centro catalogador/agencia de origen | FEVP |
| Centro/agencia transcriptor | FEVP |
| 041 ## - CÓDIGO DE LENGUA | |
| Código de lengua del texto/banda sonora o título independiente | spa |
| 099 ## - SIGNATURA TOPOGRÁFICA LOCAL | |
| Sigla especial | EVP T-P.G. |
| Cutter | R618 |
| 100 ## - ENTRADA PRINCIPAL--NOMBRE DE PERSONA | |
| Apellido (s), Nombre (s) | Rivas, Felipe |
| 245 ## - MENCIÓN DE TÍTULO | |
| Título | Propuesta de un sistema de indicadores para el seguimiento de proyectos con financiamiento multilateral en el Ministerio del Poder Popular para la Planificación y el Desarrollo. Abril 2007 |
| 260 ## - PUBLICACIÓN, DISTRIBUCIÓN, ETC. (PIE DE IMPRENTA) | |
| Fecha de publicación, distribución, etc. | 2007 |
| 300 ## - DESCRIPCIÓN FÍSICA | |
| Extensión | xiii,118p. + |
| Material acompañante/anejo | 1 Cd-Rom |
| 500 ## - NOTA GENERAL | |
| Nota general | Impreso |
| 502 ## - NOTA DE TESIS | |
| Nota de tesis | TESIS -- Especialista, Especialista en Planificación Global |
| 520 ## - NOTA DE RESUMEN, ETC. (R) | |
| Sumario, etc. | La siguiente propuesta de investigación se llevó a cabo en la dirección general de financiamiento multilateral del Ministerio del Poder Popular para la Planificación y el Desarrollo la misma estuvo a estar orientada a generar un Sistema de Indicadores Financieros que coadyuvaran con el seguimiento de los proyectos que cuentan tanto con financiamiento por medio de endeudamiento (Aporte Externo) como presupuesto interno (Aporte Local), en dicha dirección se realiza el seguimiento físico de la ejecución de las Unidades Ejecutoras de Proyectos (UEP's), sin embargo no se cuenta con información oportuna ni sistematizada para el seguimiento de los temas como: el presupuesto y los desembolsos. Esta situación limita a la oficina debido a que la misma brinda asesoría al despacho del Ministro y para poder cumplir con tal fin cuando se requiere la información es menester contactar a las UEP's y comenzar a sistematizar la información, lo cual implica un esfuerzo significativo para la entrega oportuna de la información. El sistema propuesto permitirá un alcance mayor de los insumos de información con los que cuenta la oficina, el mismo se circunscribe como parte de un sistema automatizado a ser implementado, lo cual implica que periódicamente las UEP's, suministren información por el portal electrónico del ministerio, actualizando la base de indicadores, la matriz de resultados y los gráficos que se derivan del sistema de indicadores. Por tal motivo esta investigación fue catalogada según su tipo como Proyecto Factible; y según su diseño como bibliográfico, documental y de campo. Es importante señalar que esta investigación se realizó un análisis de cartera para describir las condiciones en las que se encuentra actualmente. Además se realizaron sesiones en profundidad con los asesores de la dirección para la validación para los indicadores; finalmente se presentan conclusiones del seguimiento realizado actualmente y el sistema de Indicadores. |
| 700 ## - PUNTO DE ACCESO ADICIONAL--NOMBRE DE PERSONA | |
| Nombre de persona | Silva, Yorluis |
| Término indicativo de función/relación | Tutor Académico |
| 942 ## - ELEMENTOS DE PUNTO DE ACCESO ADICIONAL (KOHA) | |
| Tipo de ítem Koha | Tesis |
| Estado de retiro | Estado de pérdida | Fuente del sistema de clasificación o colocación | Estado dañado | No para préstamo | Localización permanente | Ubicación/localización actual | Fecha de adquisición | Total de préstamos | Signatura topográfica completa | Código de barras | Fecha visto por última vez | Precio válido a partir de | Tipo de ítem Koha |
|---|---|---|---|---|---|---|---|---|---|---|---|---|---|
| Oscar Varsavsky | Oscar Varsavsky | 31.10.2018 | EVP T-P.G. R618 | T027600013241 | 31.10.2018 | 31.10.2018 | Tesis |